[Event "London Classic Open 2016"]
[Site "London ENG"]
[Date "2016.12.10"]
[Round "3.79"]
[White "Coote, Trevor D"]
[Black "Thode, Gilda"]
[Result "1/2-1/2"]
[WhiteElo "2132"]
[BlackElo "1943"]
[WhiteFideId "410039"]
[BlackFideId "1323628"]
[EventDate "2016.12.09"]

1. d4 e6 2. Nf3 Be7 3. g3 b6 4. Bg2 Bb7 5. O-O Nf6 6. Nbd2 c5 7. c3 O-O 8. Re1
d6 9. e4 Nbd7 10. h3 cxd4 11. cxd4 Rc8 12. Re3 Qc7 13. Ne1 Rfd8 14. b3 d5 15. e5
Ne8 16. Bb2 b5 17. Bf1 Qb6 18. Bd3 g6 19. a3 a5 20. Ng2 Ba6 21. h4 Ng7 22. g4 b4
23. a4 Bxd3 24. Rxd3 f6 25. Nf3 fxe5 26. Nxe5 Nxe5 27. dxe5 Bc5 28. Ne3 Rf8 29.
Qe2 Qd8 30. g5 Bxe3 31. Rxe3 Rf4 32. Rh3 Nf5 33. Rc1 Rxc1+ 34. Bxc1 Rxh4 35.
Rxh4 Nxh4 36. Qa6 Nf3+ 37. Kf1 Qd7 38. Qxa5 Nxe5 39. Qa8+ Kf7 40. Qh8 Qd6 1/2-1/2

[Event "London Classic Open 2016"]
[Site "London ENG"]
[Date "2016.12.10"]
[Round "3.80"]
[White "Cannon, Raymond C"]
[Black "Horak, Martin"]
[Result "1-0"]
[WhiteElo "1942"]
[BlackElo "2126"]
[WhiteFideId "408018"]
[BlackFideId "367095"]
[EventDate "2016.12.09"]

1. e4 c5 2. Nf3 Nc6 3. d4 cxd4 4. Nxd4 g6 5. Nc3 Bg7 6. Be3 Nf6 7. Bc4 O-O 8.
Bb3 d6 9. h3 Bd7 10. Nf3 Rc8 11. O-O a6 12. Qd2 b5 13. a3 a5 14. Qd3 b4 15. axb4
Nxb4 16. Qe2 Bc6 17. e5 Ne4 18. Rfd1 Qc7 19. Nxe4 Bxe4 20. c3 Bxf3 21. Qxf3 Nc6
22. exd6 exd6 23. Qd5 Rfd8 24. Bg5 Rd7 25. Ba4 h6 26. Bh4 g5 27. Bg3 Ne7 28. Qd3
Rdd8 29. Rd2 Be5 30. Rad1 Ng6 31. Bb3 Kg7 32. Bxe5+ Nxe5 33. Qf5 Qd7 34. Qxe5+ 1-0

[Event "London Classic Open 2016"]
[Site "London ENG"]
[Date "2016.12.10"]
[Round "3.81"]
[White "Klingher, Dominic"]
[Black "Shepherd, Katherine M"]
[Result "1/2-1/2"]
[WhiteElo "2126"]
[BlackElo "1935"]
[WhiteFideId "428850"]
[BlackFideId "412031"]
[EventDate "2016.12.09"]

1. e4 e6 2. d3 d5 3. Nd2 c5 4. Ngf3 Nc6 5. g3 Bd6 6. Bg2 Nge7 7. O-O O-O 8. Re1
b5 9. e5 Bc7 10. Nf1 Ba6 11. h4 Rc8 12. N1h2 Ba5 13. Rf1 Nd4 14. Ng5 h6 15. Nh3
Nef5 16. Nf4 b4 17. Qg4 Kh8 18. Rb1 Qc7 19. Qh3 Qxe5 20. g4 Ne7 21. g5 Ng8 22.
Ng4 Qf5 23. Re1 Bc7 24. Nh5 Qg6 25. Nf4 Qf5 1/2-1/2

[Event "London Classic Open 2016"]
[Site "London ENG"]
[Date "2016.12.10"]
[Round "3.82"]
[White "Skutta, Bernd"]
[Black "Suder, Ryszard"]
[Result "0-1"]
[WhiteElo "1942"]
[BlackElo "2123"]
[WhiteFideId "4666950"]
[BlackFideId "1102699"]
[EventDate "2016.12.09"]

1. d4 Nf6 2. Nf3 g6 3. c4 Bg7 4. Nc3 d5 5. cxd5 Nxd5 6. Bd2 O-O 7. e4 Nb6 8. Be3
Bg4 9. Qd2 Nc6 10. d5 Bxf3 11. gxf3 Ne5 12. Qe2 e6 13. O-O-O exd5 14. Nxd5 Nxd5
15. Rxd5 Qh4 16. f4 Ng4 17. Rg1 Nxe3 18. fxe3 Qe7 19. Bg2 Rfd8 20. Rgd1 Rxd5 21.
Rxd5 c6 22. Rd3 Rd8 23. e5 Bf8 24. Rxd8 Qxd8 25. Bh3 Qd5 26. Kb1 Qe4+ 27. Kc1
Bc5 28. Kd2 Qb1 29. e6 Qxb2+ 30. Ke1 Bb4+ 31. Kf2 Qxe2+ 32. Kxe2 f5 33. e4 fxe4
34. Ke3 Kg7 35. Kxe4 Kf6 36. f5 Bd6 37. fxg6 hxg6 38. Kd4 Bxh2 39. Kc5 Ke7 40.
a4 Bg1+ 41. Kc4 Kd6 42. Bg4 Bf2 43. Bh3 Bh4 44. Bg4 Bd8 45. Bh3 a6 46. Bg4 b5+
47. axb5 axb5+ 48. Kb4 Be7 49. Bh3 Kc7+ 50. Kb3 Kb6 51. Bg2 c5 52. Be4 g5 53.
Bf3 c4+ 54. Kc3 Kc5 55. Kb2 b4 56. Kb1 b3 57. Bd1 Kb4 0-1

[Event "London Classic Open 2016"]
[Site "London ENG"]
[Date "2016.12.10"]
[Round "3.83"]
[White "Wilks, Simon"]
[Black "Hrdina, Robin"]
[Result "0-1"]
[WhiteElo "1935"]
[BlackElo "2120"]
[WhiteFideId "427357"]
[BlackFideId "339342"]
[EventDate "2016.12.09"]

1. e4 c5 2. Nc3 Nc6 3. Bb5 Nd4 4. Nf3 Nxb5 5. Nxb5 d6 6. O-O Bg4 7. h3 Bh5 8. c3
a6 9. Na3 Nf6 10. Re1 e6 11. d3 Be7 12. Nc4 O-O 13. Ne3 d5 14. e5 Nd7 15. g4 Bg6
16. Ng2 Qb6 17. Nf4 Rac8 18. Qe2 c4 19. Nxg6 fxg6 20. d4 Rf7 21. Ng5 Bxg5 22.
Bxg5 Rcf8 23. Be3 Rf3 24. Kg2 h6 25. Rad1 g5 26. Rd2 Qd8 27. Qd1 R8f7 28. Qc2
Nf8 29. Rh1 Nd7 30. Rh2 b5 31. Qd1 Qe7 32. a3 Rf8 33. Re2 Nb6 34. Qc2 Qf7 35.
Kh1 Nc8 36. h4 gxh4 37. Rxh4 Ne7 38. Rh2 Ng6 39. g5 Nf4 40. Bxf4 Qxf4 41. gxh6
Rg3 42. h7+ Kh8 43. Rg2 Rh3+ 44. Kg1 Qh4 45. f4 Rh1# 0-1

[Event "London Classic Open 2016"]
[Site "London ENG"]
[Date "2016.12.10"]
[Round "3.84"]
[White "Mueller, Martin2"]
[Black "Saksham, Rautela"]
[Result "1-0"]
[WhiteElo "2088"]
[BlackElo "1768"]
[WhiteFideId "4649974"]
[BlackFideId "35046977"]
[EventDate "2016.12.09"]

1. d4 Nf6 2. Bg5 d5 3. Bxf6 exf6 4. e3 Bd6 5. g3 c6 6. Bg2 O-O 7. Ne2 Nd7 8. O-O
f5 9. Nd2 Nf6 10. c4 Be6 11. c5 Bc7 12. b4 Ne4 13. a4 b6 14. Qc2 Qe7 15. Rab1
bxc5 16. dxc5 Nxd2 17. Qxd2 a5 18. b5 cxb5 19. axb5 Qxc5 20. Rfc1 Qe7 21. Nd4
Bd6 22. Nc6 Qg5 23. Nxa5 h5 24. h4 Qg6 25. Nc6 Ra4 26. Nd4 Rb8 27. b6 Ba3 28.
Rd1 Bc5 29. Nc6 Rb7 30. Rb5 Bf8 31. Ne5 Qf6 32. Qb2 Bd6 33. Nd3 Qxb2 34. Rxb2
Ra6 35. Rdb1 Ra3 36. Nf4 Bxf4 37. gxf4 g6 38. Bf1 Kf8 39. Rc1 Ke7 40. Rc5 Kd6
41. Rc1 Ra5 42. Kg2 Rc5 43. Ba6 Rb8 44. Rxc5 Kxc5 45. b7 Kc6 46. Kf3 Kc7 47. Ke2
d4 48. exd4 Bd5 49. Rc2+ Kb6 50. Rc8 Ka7 51. Rxb8 Kxb8 52. Kd3 f6 53. Bc4 Be4+
54. Ke3 Kxb7 55. Bf7 g5 56. fxg5 fxg5 57. hxg5 h4 58. Kf4 1-0

[Event "London Classic Open 2016"]
[Site "London ENG"]
[Date "2016.12.10"]
[Round "3.85"]
[White "Rocco, Federico"]
[Black "Johansson, Toni"]
[Result "0-1"]
[WhiteElo "1927"]
[BlackElo "2071"]
[WhiteFideId "431362"]
[BlackFideId "1703269"]
[EventDate "2016.12.09"]

1. e4 c5 2. Nf3 d6 3. d4 cxd4 4. Nxd4 Nf6 5. Nc3 g6 6. Be2 Bg7 7. O-O O-O 8. Be3
Nc6 9. Bf3 Bd7 10. Nxc6 bxc6 11. Qe2 Qa5 12. Rad1 Rab8 13. Bc1 Ne8 14. Rfe1 Nc7
15. Qd2 Rfd8 16. a3 Ne6 17. b4 Qc7 18. Ne2 a5 19. c3 c5 20. Bb2 Qb6 21. Rb1 Qa6
22. Ng3 Bb5 23. Nf1 Qa7 24. Bg4 Nc7 25. Ne3 Bd7 26. Be2 Be6 27. Nd5 Re8 28. Nxc7
Qxc7 29. b5 c4 30. a4 Qc5 31. Bf3 Red8 32. Rbd1 Rd7 33. Qe3 Qc7 34. Bc1 Rdd8 35.
Qd2 Qc5 36. Qe3 Qc7 37. Re2 Be5 38. g3 Bg7 39. Ra2 Bc8 40. Qe1 Bb7 41. Bg2 Rf8
42. Be3 Ba8 43. Qd2 Rfd8 44. Bd4 e5 45. Be3 f5 46. Bg5 Rd7 47. exf5 d5 48. f6
Bf8 49. Qe2 Kf7 50. Rad2 Rbd8 51. Bh3 d4 52. cxd4 c3 53. dxe5 Rxd2 54. e6+ Kg8
55. f7+ Kg7 56. Bxd8 Qxd8 57. Qe5+ Qf6 58. Qxf6+ Kxf6 59. Rxd2 cxd2 60. Bg4 Bd5
61. b6 Bxe6 62. Bf3 Bd5 63. Bd1 Kxf7 64. Kf1 Bc4+ 65. Kg2 Bc5 66. b7 Bd5+ 67.
Kf1 Bxb7 68. Ke2 Bb4 69. Ke3 Ke6 70. Kd4 Kd6 71. f3 Bc6 72. h3 Bd5 73. g4 g5 74.
Kd3 Ke5 75. Ke3 Bc6 76. Bc2 Bd5 77. Bd1 Ba2 78. Bc2 Bb1 79. Bd1 h6 80. Bb3 Ba2
81. Bc2 Bc4 82. Bd1 Bf1 83. Bc2 Bxh3 84. Bb3 Bf1 85. Bd1 Kd5 86. Bb3+ Bc4 87.
Bd1 Ba2 88. Kd3 Bb1+ 89. Ke3 Kc4 90. f4 gxf4+ 91. Kxf4 Kc3 0-1

[Event "London Classic Open 2016"]
[Site "London ENG"]
[Date "2016.12.10"]
[Round "3.86"]
[White "Tiwari, Ashwani"]
[Black "Johnson, Daniel"]
[Result "1/2-1/2"]
[WhiteTitle "FM"]
[WhiteElo "2065"]
[BlackElo "1877"]
[WhiteFideId "5006961"]
[BlackFideId "1721283"]
[EventDate "2016.12.09"]

1. e4 e6 2. d3 d5 3. Nd2 Nf6 4. Ngf3 Be7 5. g3 c5 6. Bg2 Nc6 7. O-O O-O 8. Re1
b6 9. e5 Nd7 10. Nf1 Bb7 11. h4 b5 12. Bf4 c4 13. d4 b4 14. h5 a5 15. N1h2 Nb6
16. h6 g6 17. Ng4 c3 18. b3 a4 19. Qe2 Nd7 20. Qe3 Ra5 21. Rac1 Qb6 22. Bh3 axb3
23. axb3 Rfa8 24. Bg5 Qd8 25. Bxe7 Qxe7 26. Qf4 Nd8 27. Ng5 R8a6 28. Kh2 Bc8 29.
Bf1 Ra7 30. Bh3 R7a6 31. Bf1 Ra7 32. Bh3 1/2-1/2

[Event "London Classic Open 2016"]
[Site "London ENG"]
[Date "2016.12.10"]
[Round "3.87"]
[White "Burbidge, Duncan R"]
[Black "Stanisz, Patryk"]
[Result "1/2-1/2"]
[WhiteElo "1918"]
[BlackElo "2064"]
[WhiteFideId "412198"]
[BlackFideId "1123106"]
[EventDate "2016.12.09"]

1. e4 c5 2. c3 Nf6 3. Bd3 Nc6 4. Nf3 d5 5. e5 Ng4 6. Bb5 Bd7 7. Bxc6 Bxc6 8. h3
Nh6 9. d4 e6 10. Bxh6 gxh6 11. Nbd2 Qb6 12. Qc2 Qa6 13. dxc5 Bxc5 14. Nb3 Be7
15. Nbd4 Bb5 16. Nxb5 Qxb5 17. Nd4 Qc4 18. Qe2 Bc5 19. Qxc4 dxc4 20. Rd1 O-O-O
21. Ke2 Rd5 22. f4 Rhd8 23. Ke3 b5 24. Rd2 Kb7 25. Rhd1 Kb6 26. Ke4 a5 27. Nf3
Rxd2 28. Rxd2 Rxd2 29. Nxd2 Be7 30. Nf3 b4 31. f5 exf5+ 32. Kd5 bxc3 33. bxc3
Kb5 34. Nd4+ Ka4 35. Nxf5 Bf8 36. Nd6 Be7 37. Nxc4 Bd8 38. Nd6 Ka3 39. Kc4 Kxa2
40. Kb5 Kb3 41. Nb7 a4 42. Nc5+ Kxc3 43. Kxa4 Be7 44. Ne4+ Kd4 45. Nd6 Kxe5 46.
Nxf7+ Kf4 47. Nxh6 Bg5 48. Nf7 Bf6 49. Nd6 Be5 50. Nc4 Bc7 51. Kb5 Kg3 52. Kc6
Bf4 53. Kd5 Kxg2 54. h4 h5 55. Ke4 1/2-1/2

[Event "London Classic Open 2016"]
[Site "London ENG"]
[Date "2016.12.10"]
[Round "3.88"]
[White "Prior, Stephen C V"]
[Black "Solli, Oddvar"]
[Result "1-0"]
[WhiteElo "2043"]
[BlackElo "1731"]
[WhiteFideId "423378"]
[BlackFideId "1501208"]
[EventDate "2016.12.09"]

1. d4 d5 2. Bf4 Nf6 3. e3 g6 4. Nf3 Bg7 5. Be2 c5 6. c3 Qb6 7. Qb3 Nbd7 8. dxc5
Qxc5 9. h3 O-O 10. O-O Ne4 11. Nbd2 e5 12. Bh2 Nxd2 13. Nxd2 Nb6 14. Nf3 Re8 15.
Rfd1 Bd7 16. a4 Bc6 17. Bb5 a6 18. Bxc6 bxc6 19. Qb4 Qxb4 20. cxb4 Rab8 21. Rac1
Nxa4 22. Rxc6 Rb6 23. Rxb6 Nxb6 24. Ra1 d4 25. Rxa6 Nd5 26. b5 dxe3 27. fxe3 e4
28. b6 Nxb6 29. Rxb6 exf3 30. gxf3 Bf8 31. Rb8 Rxe3 32. Bd6 Rxf3 33. Bxf8 f6 34.
Kg2 Rd3 1-0

[Event "London Classic Open 2016"]
[Site "London ENG"]
[Date "2016.12.10"]
[Round "3.89"]
[White "Mulay, Partha"]
[Black "Riedener, Toni"]
[Result "1/2-1/2"]
[WhiteElo "1767"]
[BlackElo "2026"]
[WhiteFideId "436038"]
[BlackFideId "1302698"]
[EventDate "2016.12.09"]

1. e4 c5 2. Nc3 a6 3. f4 b5 4. Nf3 Bb7 5. d3 e6 6. g3 Be7 7. Bg2 d5 8. Qe2 Nf6
9. e5 Nfd7 10. O-O Qb6 11. b3 Nc6 12. Nd1 b4 13. Be3 Na7 14. a3 a5 15. a4 Ba6
16. Bf2 Qc7 17. Ne3 Nc8 18. Rfd1 Ncb6 19. Qd2 Rc8 20. d4 c4 21. Rac1 g6 22. h3
Qb7 23. g4 cxb3 24. cxb3 Rxc1 25. Rxc1 O-O 26. f5 Rc8 27. fxe6 fxe6 28. Bf1 1/2-1/2

[Event "London Classic Open 2016"]
[Site "London ENG"]
[Date "2016.12.10"]
[Round "3.90"]
[White "Fischer, Daniel"]
[Black "De Lagontrie, Jean"]
[Result "1-0"]
[WhiteElo "2024"]
[BlackElo "1746"]
[WhiteFideId "1328360"]
[BlackFideId "605271"]
[EventDate "2016.12.09"]

1. e4 c5 2. Nf3 Nc6 3. d4 cxd4 4. Nxd4 Nf6 5. Nc3 e5 6. Ndb5 d6 7. Bg5 a6 8. Na3
b5 9. Nd5 Qa5+ 10. Bd2 Qd8 11. Nxf6+ Qxf6 12. Bd3 Qg6 13. O-O Be7 14. c3 O-O 15.
Qf3 Be6 16. Nc2 Na5 17. b3 Bg5 18. Ne3 Bxe3 19. Qxe3 Nb7 20. f4 f5 21. fxe5 dxe5
22. exf5 Bxf5 23. Bxf5 Rxf5 24. Rxf5 Qxf5 25. Rf1 Qe6 26. Qe4 Rb8 27. Re1 Nd8
28. Qxe5 Qxe5 29. Rxe5 Nc6 30. Re6 Rc8 31. Rd6 Rc7 32. Bf4 Kf7 33. Rh6 Rc8 34.
Rd6 Ke7 35. Kf2 h5 36. Rd5 g6 37. Ke3 Ke6 38. Ke4 Ke7 39. Rc5 Ke6 40. h3 Kf7 41.
Kf3 Ke6 42. Kg3 Kf6 43. Kh4 Ke6 44. Kg5 Kf7 45. Bh2 Ke6 46. b4 Kf7 47. Bf4 Ne7
48. Rxc8 Nxc8 49. Be3 Nd6 50. Bd4 Nc4 51. Bc5 Na3 52. Kf4 Ke6 53. Ke4 Nc4 54.
Kd4 Nb2 55. Bf8 Nc4 56. a4 Nb6 57. axb5 axb5 58. g3 Na4 59. c4 bxc4 60. Kxc4 Kd7
61. Kb5 Nc3+ 62. Kb6 Ne4 63. g4 hxg4 64. hxg4 Nf6 65. g5 Ne4 66. Bh6 Nc3 67. b5
Na4+ 68. Kb7 Nc5+ 69. Ka7 Kc8 70. Bf8 Nb7 71. Kb6 Nd8 72. Be7 Nb7 73. Kc6 Na5+
74. Kd6 Kb7 75. Ke6 Nb3 76. Kf6 Nd4 77. Kxg6 Kb6 78. Kf6 1-0

[Event "London Classic Open 2016"]
[Site "London ENG"]
[Date "2016.12.10"]
[Round "3.91"]
[White "Ditmas, Hugh"]
[Black "Bhavik Ahuja"]
[Result "1/2-1/2"]
[WhiteElo "2018"]
[BlackElo "1344"]
[WhiteFideId "1270666"]
[BlackFideId "46647392"]
[EventDate "2016.12.09"]

1. d4 Nf6 2. c4 e6 3. Nf3 Bb4+ 4. Nbd2 O-O 5. a3 Be7 6. e3 b6 7. Be2 Bb7 8. Qc2
c5 9. O-O Nc6 10. b3 Rc8 11. Bb2 d5 12. cxd5 Nxd5 13. Qd3 cxd4 14. Nxd4 Ne5 15.
Qb1 Bg5 16. N2f3 Nxe3 17. fxe3 Bxe3+ 18. Kh1 Qd5 19. Rd1 Ng4 20. Rf1 Nf2+ 21.
Rxf2 Bxf2 22. Bc4 Qh5 23. Qf1 Bxf3 24. Nxf3 Bg3 25. Kg1 Bf4 26. a4 e5 27. Qe2
Rfe8 28. g3 e4 29. Nd4 Qxe2 1/2-1/2

[Event "London Classic Open 2016"]
[Site "London ENG"]
[Date "2016.12.10"]
[Round "3.92"]
[White "Chilton, James I"]
[Black "Varney, Zoe"]
[Result "0-1"]
[WhiteElo "1740"]
[BlackElo "2000"]
[WhiteFideId "423009"]
[BlackFideId "436135"]
[EventDate "2016.12.09"]

1. e4 e5 2. Nf3 Nc6 3. Bb5 Nf6 4. Nc3 d6 5. O-O g6 6. d4 exd4 7. Nxd4 Bd7 8. f4
Bg7 9. f5 O-O 10. fxg6 fxg6 11. Bc4+ Kh8 12. Nf3 Qe7 13. Bg5 Ne5 14. Nd5 Nxf3+
15. Rxf3 Qe5 16. Nxf6 Bxf6 17. Bxf6+ Rxf6 18. Rxf6 Qxf6 19. c3 Qe5 20. Qf1 Be6
21. Re1 Qc5+ 22. Kh1 Bxc4 23. Qf6+ Kg8 24. b3 Rf8 25. Qe7 Qf2 26. Rg1 Qxg1+ 0-1

[Event "London Classic Open 2016"]
[Site "London ENG"]
[Date "2016.12.10"]
[Round "3.93"]
[White "Roebuck, Derek"]
[Black "Jyothilal, N."]
[Result "0-1"]
[WhiteElo "1653"]
[BlackElo "1985"]
[WhiteFideId "3226999"]
[BlackFideId "5002605"]
[EventDate "2016.12.09"]

1. e4 c5 2. Nf3 d6 3. c3 Nf6 4. Be2 Nbd7 5. Qc2 Qc7 6. O-O g6 7. d3 Bg7 8. h3 b6
9. Be3 Bb7 10. Nbd2 O-O 11. Rac1 d5 12. exd5 Nxd5 13. Bg5 Nf4 14. Ne4 Nf6 15.
Rfe1 Rad8 16. Rcd1 N6d5 17. Bxf4 Nxf4 18. Bf1 e5 19. g3 Ne6 20. Bg2 h6 21. Kh2
Rd7 22. Ned2 b5 23. a4 c4 24. dxc4 bxc4 25. Nf1 e4 26. N3d2 f5 27. Ne3 Ba6 28.
Bf1 Ng5 29. Bxc4+ Bxc4 30. Nexc4 f4 31. Nxe4 fxg3+ 32. Nxg3 0-1

[Event "London Classic Open 2016"]
[Site "London ENG"]
[Date "2016.12.10"]
[Round "3.94"]
[White "Haddock, Paul"]
[Black "Disu, Kayode"]
[Result "0-1"]
[WhiteElo "1569"]
[BlackElo "1976"]
[WhiteFideId "419150"]
[BlackFideId "432849"]
[EventDate "2016.12.09"]

1. e4 e6 2. d4 d5 3. Nd2 Nf6 4. e5 Nfd7 5. Bd3 c5 6. c3 Nc6 7. Ndf3 cxd4 8. cxd4
f6 9. exf6 Nxf6 10. Ne2 Bd6 11. Bf4 Bxf4 12. Nxf4 Qd6 13. Ne2 O-O 14. Ng3 e5 15.
dxe5 Nxe5 16. Nxe5 Qxe5+ 17. Qe2 Qd4 18. O-O-O Qb6 19. f3 Bd7 20. Kb1 Rfe8 21.
Qd2 Re3 22. Rhe1 Rae8 23. Rxe3 Rxe3 24. Re1 Rxe1+ 25. Qxe1 Qd4 26. Qd1 Kf8 27.
Bc2 Qf2 28. Qf1 Qd2 29. Qe2 Qd4 30. Qd1 Qf2 31. Qf1 Qc5 32. Qe1 g6 33. a3 Kf7
34. Ka2 Qxc2 0-1

[Event "London Classic Open 2016"]
[Site "London ENG"]
[Date "2016.12.10"]
[Round "3.95"]
[White "Edwards, Simon R"]
[Black "Lie, Terje"]
[Result "1-0"]
[WhiteElo "1976"]
[BlackElo "1563"]
[WhiteFideId "406821"]
[BlackFideId "1504916"]
[EventDate "2016.12.09"]

1. e4 d6 2. d4 Nf6 3. Nc3 g6 4. Bg5 Bg7 5. e5 dxe5 6. dxe5 Qxd1+ 7. Rxd1 Ng4 8.
h3 Nxe5 9. Nd5 f6 10. Be3 Na6 11. Bxa6 bxa6 12. Nxc7+ Kf7 13. Nxa8 Bb7 14. Nc7
Bxg2 15. Rh2 Be4 16. f4 Nf3+ 17. Nxf3 Bxf3 18. Rdd2 f5 19. Bd4 Rc8 20. Bxg7 Rxc7
21. Be5 Rb7 22. Rd3 Be4 23. Rb3 Rb6 24. Rxb6 axb6 25. h4 h5 26. c3 b5 27. Rd2
Ke6 28. Rd8 a5 29. Rg8 Kd5 30. Rxg6 e6 31. Kd2 Bf3 32. Ke3 Bg4 33. Rg8 Bh3 34.
Rd8+ Kc5 35. Rd6 a4 36. Rxe6 b4 37. cxb4+ Kxb4 38. a3+ Kb3 39. Rb6+ Kc4 40. Rb4+
Kd5 41. Rxa4 Bg4 42. b4 Kc4 43. Ra5 Bd1 44. Bd4 Kb3 45. b5 Bc2 46. b6 Be4 47.
Rxf5 1-0

[Event "London Classic Open 2016"]
[Site "London ENG"]
[Date "2016.12.10"]
[Round "3.97"]
[White "Bhatia, Kanwal K"]
[Black "Opasiak, Dustin Tennessee"]
[Result "0-1"]
[WhiteTitle "WFM"]
[WhiteElo "2096"]
[BlackElo "1823"]
[WhiteFideId "407496"]
[BlackFideId "24630217"]
[EventDate "2016.12.09"]

1. e4 e6 2. d4 d5 3. Nd2 Nc6 4. Ngf3 Nf6 5. e5 Nd7 6. Nb3 f6 7. exf6 Qxf6 8. Bg5
Qf7 9. Bd3 Bd6 10. c3 e5 11. dxe5 Ndxe5 12. Be2 O-O 13. h3 Kh8 14. Be3 Nxf3+ 15.
Bxf3 Be6 16. Qd2 Ne5 17. Be2 Nc4 18. Bxc4 dxc4 19. Nd4 Bd5 20. Rg1 Be4 21. O-O-O
a6 22. g4 Rad8 23. Nf5 Bf3 24. Bd4 Rg8 25. Rde1 Qg6 26. Qe3 Bc6 27. f4 Rde8 28.
Qf2 Re4 29. Rxe4 Bxe4 30. Nxd6 Qxd6 31. Rd1 Qh6 32. h4 Rf8 33. Be3 Qc6 34. f5
Qa4 35. a3 Bd3 36. Rxd3 cxd3 37. Bd4 Re8 0-1

[Event "London Classic Open 2016"]
[Site "London ENG"]
[Date "2016.12.10"]
[Round "3.98"]
[White "Bin-Suhayl, Yousuf"]
[Black "Kuntner, Reinhard2"]
[Result "0-1"]
[WhiteElo "1788"]
[BlackElo "2086"]
[WhiteFideId "427012"]
[BlackFideId "1630555"]
[EventDate "2016.12.09"]

1. b4 Nf6 2. Bb2 e6 3. a3 d5 4. e3 a6 5. c4 dxc4 6. Bxc4 b5 7. Bb3 Bb7 8. Nf3 c5
9. bxc5 Bxc5 10. d4 Be7 11. O-O O-O 12. Nbd2 Nbd7 13. Rc1 Qb6 14. Qe2 Rac8 15.
Rfd1 Rfe8 16. Ne1 Nf8 17. Nd3 Ng6 18. Nf3 Ne4 19. Nd2 Nxd2 20. Qxd2 Nh4 21. Ne1
Bxg2 22. Nxg2 Nf3+ 0-1

[Event "London Classic Open 2016"]
[Site "London ENG"]
[Date "2016.12.10"]
[Round "3.99"]
[White "Burke, John S"]
[Black "Siddharth, Gopakumar"]
[Result "0-1"]
[WhiteElo "2055"]
[BlackElo "1822"]
[WhiteFideId "404322"]
[BlackFideId "5053463"]
[EventDate "2016.12.09"]

1. d4 d5 2. Nf3 Nf6 3. e3 g6 4. Be2 Bg7 5. O-O O-O 6. b3 Nbd7 7. Bb2 b6 8. c4 c6
9. Nc3 Bb7 10. Rb1 Re8 11. Qc2 Qc7 12. Rfc1 Rac8 13. Qd1 Qb8 14. Bf1 e6 15. b4
dxc4 16. Bxc4 Rcd8 17. Qb3 Nd5 18. Ne2 Qd6 19. Ba1 h6 20. e4 Nf4 21. e5 Nxe2+
22. Bxe2 Qe7 23. Rd1 c5 24. bxc5 Bd5 25. Bc4 bxc5 26. Bxd5 exd5 27. dxc5 Nxe5
28. Rbc1 Nxf3+ 29. Qxf3 Bxa1 30. Rxa1 Qxc5 31. Rac1 Qa5 32. h4 h5 33. g3 d4 34.
Kh2 Qxa2 35. Rd3 Re2 36. Kg2 Qe6 37. Rc6 Qd5 38. Qxd5 Rxd5 39. Rc8+ Kg7 40. Rc7
Ra2 41. Kf3 Rf5+ 42. Ke4 Rfxf2 43. Kxd4 Rfd2 44. Rxd2 Rxd2+ 45. Ke5 Ra2 46. Kf4
a5 47. Ra7 Rf2+ 48. Ke4 Rf5 49. Ra6 Rb5 50. Kf4 Rb4+ 51. Kf3 a4 52. Ke3 Kf8 53.
Ra7 f6 54. Kf3 g5 55. hxg5 fxg5 56. Ra5 Rg4 57. Ra7 Kg8 58. Kf2 h4 59. gxh4 gxh4
60. Kf3 Rb4 61. Kg2 Kf8 62. Kh3 Ke8 63. Kg2 Kd8 64. Kf3 Kc8 65. Ke3 Kb8 66. Ra5
Kb7 67. Kd3 h3 68. Rh5 Rb3+ 69. Kc2 Rg3 70. Kb2 a3+ 71. Ka2 Kc6 72. Ra5 Kd6 73.
Rb5 Ke6 74. Ra5 Kf6 75. Rb5 Kg6 0-1

[Event "London Classic Open 2016"]
[Site "London ENG"]
[Date "2016.12.10"]
[Round "3.100"]
[White "Lechner, Marcus"]
[Black "Jekel, Wolfgang"]
[Result "0-1"]
[WhiteElo "2000"]
[BlackElo "1790"]
[WhiteFideId "1629034"]
[BlackFideId "4690370"]
[EventDate "2016.12.09"]

1. e4 d5 2. exd5 Qxd5 3. Nf3 Bg4 4. Be2 c6 5. O-O Nf6 6. Nc3 Qd6 7. d4 e6 8. h3
Bh5 9. Re1 Nbd7 10. Ne5 Nxe5 11. Bxh5 Nxh5 12. Qxh5 Ng6 13. d5 cxd5 14. Nxd5 Rd8
15. Nc3 Be7 16. Qb5+ Qd7 17. Qh5 O-O 18. Be3 b6 19. a3 Qc6 20. Rec1 Bf6 21. Rab1
Bxc3 22. bxc3 Qxc3 23. Rb3 Qe5 24. Qf3 h6 25. Re1 Qc7 26. Rc1 Rd7 27. Qg4 Rfd8
28. f4 Ne7 29. Bf2 Rd2 30. Bh4 R8d4 31. Bf6 Nf5 32. Bxd4 Nxd4 33. Re3 Qc5 34.
Kh2 h5 35. Qg5 Nf5 36. Rf3 Rd5 37. Qxh5 Nd4 38. Qg4 Nxf3+ 39. Qxf3 Rd4 40. Rf1
Rd5 41. Rf2 a5 42. Re2 Qd6 43. Re4 Rd2 44. Rc4 g6 45. Rc8+ Kg7 46. h4 Rd4 47. g3
Rd2+ 48. Kh3 Qd7 49. Qc6 Qxc6 50. Rxc6 b5 51. Rc5 Rd5 52. Rxd5 exd5 53. g4 b4
54. axb4 axb4 55. Kg3 d4 56. Kf3 d3 0-1

[Event "London Classic Open 2016"]
[Site "London ENG"]
[Date "2016.12.10"]
[Round "3.101"]
[White "Bhat, Vishal"]
[Black "Islam, Mohammed"]
[Result "1-0"]
[WhiteElo "1989"]
[BlackElo "1788"]
[WhiteFideId "3216330"]
[BlackFideId "10211870"]
[EventDate "2016.12.09"]

1. e4 e5 2. Nf3 Nc6 3. Bc4 Bc5 4. d3 Nf6 5. O-O h6 6. c3 d6 7. a4 a5 8. Na3 Bg4
9. h3 Bd7 10. Nc2 Qe7 11. Be3 g5 12. Nh2 O-O-O 13. Rb1 Rdg8 14. b4 axb4 15. cxb4
Bxe3 16. Nxe3 Nd4 17. a5 Kb8 18. b5 h5 19. b6 c5 20. a6 bxa6 21. Ra1 g4 22. Rxa6
Bc6 23. Ra7 Qd8 24. Qa1 Ne8 25. Ra8+ Bxa8 26. Qa7+ 1-0

[Event "London Classic Open 2016"]
[Site "London ENG"]
[Date "2016.12.10"]
[Round "3.102"]
[White "Vachtfeidl, Petr"]
[Black "Barasi, Paul Dl"]
[Result "1-0"]
[WhiteElo "1963"]
[BlackElo "1770"]
[WhiteFideId "315028"]
[BlackFideId "432830"]
[EventDate "2016.12.09"]

1. e4 c5 2. Nf3 a6 3. c3 g6 4. d4 cxd4 5. cxd4 d5 6. e5 Nc6 7. h3 Bg7 8. Nc3 e6
9. Bd3 Nge7 10. O-O O-O 11. a3 Nf5 12. Bc2 h6 13. Be3 Bd7 14. b4 b5 15. Qd2 Kh7
16. Ne2 Rc8 17. Nc1 Nh4 18. Nxh4 Qxh4 19. Nb3 Rc7 20. Nc5 Bc8 21. Kh2 Nxe5 22.
dxe5 Bxe5+ 23. g3 d4 24. f4 dxe3 25. Qxe3 Bxf4 26. Rxf4 Qg5 27. h4 Qe7 28. h5 e5
29. Rh4 Qg5 30. Qxg5 hxg5 31. hxg6+ Kg8 32. Rh7 1-0